1000 1264 1133 1199 1722 1500 1870 1829 1030 1301 1134 1943 1841 1938 1384 1713 1693 1050 1492 1230 1205 1701 1300 1440 1697 1740 1664 1089 1903 1975 1905 1672 1663 1423 1973 1368 1384 1251 1599 1016 1434 1126 1438 1602 1244 1627 1262 1746 1021 1080 1824 1171 1518 1893 1115 1412 1664 1646 1755 1442 1824 1148 1368 1010 1063 1383 1539 1094 1977 1173 1896 1641 1123 1661 1535 1878 1171 1444 1920 1929 1545 1871 1866 1140 1952 1934 1899 1406 1862 1900 1169 1754 1803 1881 1652 1706 1120 1280 1542 BCNSPRNW ULIB Ver.6.0+V

เปลี่ยนเป็นภาษาไทย

Change to English
 แสดงรายละเอียดบรรณานุกรม
  กลับหน้าหลัก

Brief Record : Get Marc (ISO 2709) : E-mail record : QR code < ปิดหน้าต่าง
LEADER : 00000nam 2200000uu 4500
001    13399128054
003     ULIB
008    220202s2563||||th 000 0 tha d
020    ^a9786169342137
050    ^aนว.^bพ-ย
100    ^aพันธุ์พเยีย
245    ^aย้อนรอยกามเทพ
250    ^aพิมพ์ครั้งที่ 1
260    ^aกรุงเทพฯ :^bบางรักษ์,^c2563
300    ^a552 หน้า;^b21 ซม.
650    ^aนวนิยาย
945    ^p370^l0^i29199
999    ^aกัณชพร จุลอักษร
รายการนี้ยังไม่มีแท็ก
คุณยังไม่ได้ล็อกอิน คุณสามารถมีกิจกรรมร่วมกับเว็บไซต์ได้ แต่ต้องล็อกอินก่อน ::
  ล็อกอิน

รายการสื่อสารสนเทศ

ลำดับที่ ประเภท เลขเรียก/บาร์โค้ด สถานที่ สถานะ
1. วิทยาศาสตร์การแพทย์ และสุขภาพ
วิทยาศาสตร์การแพทย์ และสุขภาพ
นว. พ-ย ฉ.1 
  Barcode: 29199
ห้องสมุดวิทยาเขตนครสวรรค์
►นวนิยาย:l:Fiction
บนชั้น

รายการใกล้เคียง
    ชื่อเรื่อง [ย้อนรอยกามเทพ]

    ผู้แต่ง [พันธุ์พเยีย]

    หัวเรื่อง [นวนิยาย]

BibComment


ยังไม่เคยถูกคอมเมนท์

คอมเมนท์ทรัพยากรรายการนี้
  คอมเมนท์: ย้อนรอยกามเทพ


 Copyright 2026. Bcnsprnw @Library